| 000 | 00464nam a22001577a 4500 | ||
|---|---|---|---|
| 008 | 230427b |||||||| |||| 00| 0 eng d | ||
| 040 |
_aNational Science Library _cNational Science Library |
||
| 080 |
_a530.145 _bP0 |
||
| 245 |
_aQuantum field theory: _bA twentieth century profile |
||
| 260 |
_aDelhi: _bHindustan Book Agency, _c2000 |
||
| 300 | _a900p. | ||
| 650 | _aMathematics | ||
| 653 | _aTheory | ||
| 700 | 1 | 0 | _aMitra, Asoke N (Ed.) |
| 942 |
_2udc _cBK |
||
| 999 |
_c24232 _d24232 |
||